| 000 | 02432nam a22002897a 4500 | ||
|---|---|---|---|
| 001 | 8592 | ||
| 003 | FISKH | ||
| 005 | 20251002104341.0 | ||
| 008 | 251002b cb ||||| |||| 00| 0 eng d | ||
| 020 | _a9789995053765 | ||
| 040 |
_aFISKH _bkhr _cFISKH _dFISKH |
||
| 050 | _aPZ7 | ||
| 100 | _aSreyrath , Hing | ||
| 245 |
_aខ្ញុំអាចធ្វើបាន / _cអ្នកនិពន្ធ កញ្ញា ហុីង ស្រីរត្ន័ , អ្នករៀបរៀង អង្កការ រូមធូរីតកម្ពុជា |
||
| 260 |
_aPhnom Penh : _bSun Heang Printing House , _c2016. |
||
| 300 |
_a16 pages : _bcolor illustrations ; _c24 cm . |
||
| 505 | _aF | ||
| 520 | _aខ្ញុំអាចធ្វើបាន គឺជារឿងអំពីក្មេងស្រីតូចម្នាក់ដែលមានបំណងចង់ញ៉ាំផ្លែស្វាយទុំ។ ប៉ុន្តែព្រោះតែខ្លួនតូច គាត់មិនអាចទៅដល់ផ្លែស្វាយដែលកណ្តាលនឹងខ្ទមធំមួយបានទេ។ គាត់បានយកឈើជាច្រើនដើម្បីវាយឲ្យផ្លែស្វាយធ្លាក់ចុះ ប៉ុន្តែមិនមានឈើណាមួយវែងគ្រប់គ្រាន់ដើម្បីទៅដល់ផ្លែស្វាយនោះឡើយ។ ដោយសារតែការខំប្រឹងប្រែង គាត់បានចងឈើពីរដុំឲ្យជាប់គ្នា ហើយចុងក្រោយក៏អាចវាយឲ្យផ្លែស្វាយធ្លាក់ចុះបាន។ | ||
| 520 | _aI can do it is a story about a little girl and her wish to eat a ripe mango. But because of her small size, she is not able to reach the hanging fruit from the big, tall mango tree. She picks up various sticks to bat one down, but cannot find one long enough to reach a mango . Through her determination and perserance , she ties two sticks together and seats one down . | ||
| 521 | 8 |
_a350
_bLexile estimate |
|
| 521 | 8 |
_aF
_bRaz-Plus |
|
| 650 | _aខ្ញុំអាចធ្វើបាន | ||
| 650 | _aI can do it | ||
| 700 |
_aKakada, Soeurm _eIllustrator |
||
| 942 |
_2ddc _cKHB _n0 |
||
| 999 |
_c8592 _d8592 |
||